000 00775nam a22002057a 4500
999 _c1154
_d1154
003 AR-CdUCM
008 190226b ||||| |||| 00| 0 spa d
040 _aMUNICIPALIDAD PROVINCIAL DEL CUSCO
_cBIBLIOTECA MUNICIPAL DEL CUSCO
082 _a307 /
_bL83
100 _aLopez Rosado, Felipe
_94525
245 _aIntroducción a la sociología /
260 _aMexico :
_bEditorial Porrua, S.A.;
_c1960.
300 _a224 paginas ;
_c22 cm.
505 _aDefinición de ciencia -- Historia del nombre -- El problema del origen de la sociedad -- Definición y concepto de herencia --Evolución histórica de la agreción social ...
650 _aSociolgia
_94526
650 _aTextos escolares
_94527
650 _aEstado
_9738
942 _2ddc
_cLIBROS
945 _arum
_d2019-02-26